Statistics for NBA Quiz

Click here to take the quiz!

General Stats

  • This quiz has been taken 36 times
  • The average score is 13 of 15

Answer Stats

HintAnswer% Correct
Players with more points than Michael JordanKareem Abdul-jabbar, Karl Malone, and Lebron James
100%
Player on the NBA logoJerry West
97%
Players who played for a single team their entire careerKobe Bryant, Dirk Nowitzki, Timothy Duncan, Larry Bird, Magic Johnson
97%
Played for Cavaliers, Heat, and LakersLebron James
97%
Heat Big ThreeLebron James, Dwayne Wade, and Chris Bosh
97%
Celtics “Big Three”Ray Allen, Kevin Garnett, and Paul Pierce
97%
Dame TimeDamian Lillard
94%
Best Dribbler of All-TimeKyrie Irving or Allen Iverson
91%
Greatest Shooter of All-TimeStephen Curry
91%
7’0 or tallerYao Ming, Manute Bol, Boban Marjanovic, Tacko Fall
85%
The AdmiralDavid Robinson
82%
5’10 or ShorterMuggsy Bogues, Spud Webb, Earl Boykins
79%
Drafted 2013, 15th pickGiannis Antetokounmpo
73%
The Human Highlight FilmDominique Wilkins
70%
Black JesusMichael Jordan
70%

Score Distribution

Percentile by Number Answered

Percent of People with Each Score

Your Score History

You have not taken this quiz